Do-it-yourself 1995. Heimwerken in West-Deutschland wieder im Aufwind.
Príčiny nového rozmachu vlny "do-it-yourself". Rast počtu domácich majstrov podmienený najmä rastúcim počtom prisťahovalcov z bývalej NDR a prírastkom rodinných domov. Vplyv rastúcich cien služieb remeselníkov a materiálov.
Saved in:
| Format: | Book Chapter |
|---|---|
| Language: | German |
| Subjects: | |
| Tags: |
No Tags, Be the first to tag this record!
|
MARC
| LEADER | 00000naa a2200000 4500 | ||
|---|---|---|---|
| 001 | r003641 | ||
| 005 | 20221130103618.3 | ||
| 041 | 0 | |a ger | |
| 044 | |a DE | ||
| 245 | 1 | 0 | |a Do-it-yourself 1995. |b Heimwerken in West-Deutschland wieder im Aufwind. |
| 520 | |a Príčiny nového rozmachu vlny "do-it-yourself". Rast počtu domácich majstrov podmienený najmä rastúcim počtom prisťahovalcov z bývalej NDR a prírastkom rodinných domov. Vplyv rastúcich cien služieb remeselníkov a materiálov. | ||
| 610 | 2 | 0 | |a remeslá |
| 610 | 2 | 0 | |a práca z domu |
| 610 | 2 | 0 | |a domácnosti |
| 610 | 2 | 0 | |a ceny |
| 610 | 2 | 0 | |a služby |
| 610 | 2 | 0 | |a Nemecko |